000 00285nam a2200121 a 4500
008 111026s1991|||| d
100 1 _aTrebenová, Maria
245 1 0 _aZdravie z Božej lekárne
260 _bIkar
_aBratislava
_c1991
020 _c33
041 _aslo
044 _axo
_cSK
999 _c19848
_d19848